Leader xxxxxxxxxx
001 __ PCLIS00020954
005 __ 20210401141130.0
010 0_ |a957-33-0994-7|b平裝|dNT$170
100 __ |a19870509d1993 m y1chiy09 e
101 0_ |achi
102 __ |atw
105 __ |ae z 000ay
200 1_ |a迷路館殺人|f綾[辻]行人作|g許珀理譯
205 __ |a修訂版
210 __ |a臺北巿|c皇冠|d1993[民82]
215 0_ |a274面|c圖|d21公分
225 2_ |a綾辻行人推理小說|v3
225 2_ |a皇冠叢書|v1582
300 __ |a譯自: 迷路館ソ殺人
517 1_ |a殺人迷路館
606 __ |2cst|a小說
700 _1 |a綾辻|b行人|4作
702 _1 |a許|b珀理|4譯
702 _1 |a陳|b小玲|4譯
770 _1 |aAyatsuji, Yukito|f1960- |4author
801 _0 |atw|b內湖高中|c20010622
801 _2 |atw|b內湖高中|c20210401|gCCR
|